Africa's shadow rise: China and the mirage of African economic development (Record no. 1227158)

MARC details
000 -LEADER
fixed length control field 00720nam a2200217Ia 4500
005 - DATE AND TIME OF LATEST TRANSACTION
control field 20241129110046.0
008 - FIXED-LENGTH DATA ELEMENTS--GENERAL INFORMATION
fixed length control field 241129s9999||||xx |||||||||||||| ||und||
020 ## - INTERNATIONAL STANDARD BOOK NUMBER
International Standard Book Number 978-1-7869-9479-0
037 ## - SOURCE OF ACQUISITION
Stock number TB
040 ## - CATALOGING SOURCE
Original cataloging agency ARTS
Language of cataloging eng
Transcribing agency ARTS
041 ## - LANGUAGE CODE
Language code of text/sound track or separate title eng
Source of code eng
084 ## - COLON CLASSIFICATION NUMBER
Classification number V6:1941(X) R2
Assigning agency ARTS
100 ## - MAIN ENTRY--PERSONAL NAME
Personal name Carmody Padraig Au.; Kragelund Peter Au.; Rwboredo Ricardo Au.
9 (RLIN) 727064
245 #0 - TITLE STATEMENT
Title Africa's shadow rise: China and the mirage of African economic development
Statement of responsibility, etc. Carmody Padraig Au.; Kragelund Peter Au.; Rwboredo Ricardo Au.
260 ## - PUBLICATION, DISTRIBUTION, ETC.
Place of publication, distribution, etc. UK
Name of publisher, distributor, etc. Zed
Date of publication, distribution, etc. 2022
300 ## - PHYSICAL DESCRIPTION
Extent xii,222p.
365 ## - TRADE PRICE
Price type code UKP
Price amount 28.99
650 ## - SUBJECT ADDED ENTRY--TOPICAL TERM
Topical term or geographic name entry element History-Africa
942 ## - ADDED ENTRY ELEMENTS (KOHA)
Koha item type Textbook
Classification part V6:1941(X) R2
Holdings
Withdrawn status Lost status Damaged status Not for loan Home library Current library Date acquired Source of acquisition Cost, normal purchase price Inventory number Total Checkouts Full call number Barcode Date last seen Date last checked out Price effective from Koha item type
        Arts Library Arts Library 2024-11-29 Elite Publishers Distributors 28.99 14868 & 19/12/2023 1 V6:1941(X) R2 AL1803191 2025-01-18 2025-01-17 2024-11-29 Textbook
Copyright @ Delhi University Library System